| Поле | Инд. | ПП | Название | Значение |
|---|---|---|---|---|
| Тип записи | a | |||
| Библиографический уровень | m | |||
| 001 | Контрольный номер | 02245be5cff845a4a67c1a95de5f6a02 | ||
| 005 | Дата корректировки | 20250128104119.1 | ||
| 020 | a | ISBN | 978-5-04-118453-7 | |
| c | Цена, тираж | 628-55 | ||
| 084 | a | Индекс другой классификации/Индекс ББК | 87 | |
| 090 | a | Полочн. индекс | 87 | |
| c | Каталожный индекс | 87 | ||
| x | Авторский знак | К 33 | ||
| 091 | i | Возрастная адресация (DOS) | 12+ | |
| 097 | b | Оператор | Кондратьева | |
| 100 | 1_ | a | Автор | Кей Ш. |
| q | Полное имя | Кей Шэрон | ||
| 245 | 10 | a | Заглавие | Великие идеи и великие мыслители |
| b | Продолж. заглавия | [12+] | ||
| c | Ответственность | перевод с английского Е. Г. Егоровой | ||
| 260 | a | Место издания | Москва | |
| b | Издательство | Эксмо | ||
| c | Дата издания | 2023 | ||
| 300 | a | Объем | 152 с. | |
| b | Иллюстрации/ тип воспроизводства | ил. | ||
| 440 | _0 | a | Серия | Чтение с увлечением. Полезные книги для подростков |
| 653 | 0_ | a | Ключевые слова | философия понятие; реальность как принцип познания; знание философия для детей; этика понятие; этика философия; логика понятие; логика законы |
| 900 | a | Имя макрообъекта | о15641381 | |
| 901 | t | Тип документа | m |